00493 a2200145 4500003000500000005001700005040000900022082001700031100002500048245009400073260004900167300002900216505007800245650002400323Nust20221222124019.0 cNust a297.122, SAL a by, Pir Salahud Din aThe wonderful Quran /b a new english translation by, Pir Salahud Din.c Pir Salahud Din. aIslamabad :b The Quran Publications,c1991. a2 v. (908 p.)b ; 25 cm. aIntroduction (Page-1), From Surah Al-Fatiha To Surah Al-Nas (Page-2-627). aThe wonderful Quran